000 00705nam a2200253Ia 4500
003 OSt
005 20221007110049.0
006 a|||||r|||| 00| 0
007 ta
008 221006b |||||||| |||| 00| 0 eng d
020 _a9788180381737
024 _a20,279
037 _cTextual
040 _aLCO
_cLCO
_beng
041 _2eng
_aeng
082 _aV:19(Z), P8
100 _aViswanathan Aparna
245 0 _aOutsourcing to India
_b Cross-Border Legal Issues
260 _aNew
_bDelhi Lexis Nexis Butterworths India
_c2008
300 _a881
650 _aCROSS BORDER LEGAL ISSUE
_9707083
942 _hV:19(Z), P8
_cTEXL
999 _c1189842
_d1189842